000 00470nam a2200181Ia 4500
001 22409
005 20260414150829.0
008 260414t2013||||xx |||||||||||||| ||spa||
041 _aESP
082 _a621.381
_bH42
100 _aHermosa Donate, Antonio
_eAUT
245 0 _aElectrónica aplicada. CF instalaciones de telecomunicaciones
_b
260 _c2013
300 _aix, 484 páginas :
_c27 cm.
650 _aTCA
654 _aCET
942 _cLIB
_dJUS
_fJUS
_2ddc
_n
999 _c22409
_d22409